000 nam a22 7a 4500
999 _c8240
_d8240
008 171212b xxu||||| |||| 00| 0 eng d
020 _a9780670083879
100 _aGuha Ramchandra
_94664
245 _aGandhi Before India
260 _aNew Delhi
_bPenguin Books
_c2013